| 000 | 00362nam a22001577a 4500 | ||
|---|---|---|---|
| 003 | SGT | ||
| 020 | _a9781444175943 | ||
| 082 |
_a617.91 _bF15F |
||
| 100 | _aFARQUHARSON, MARGRET | ||
| 245 | _aFARQUHARSON;S TB. OF OPERATIVE GENERAL SURGERY | ||
| 250 | _a10TH | ||
| 260 |
_aNEW YORK _bCRC PRESS _c2015 |
||
| 300 | _a548 | ||
| 650 | _aSURGERY | ||
| 942 |
_2ddc _cBK |
||
| 999 |
_c21003 _d21003 |
||